000 00367nam a2200145Ia 4500
008 230711s9999||||xx |||||||||||||| ||und||
041 _aENG
082 _a621
_bKE-T
100 _aKesavan,S
245 0 _aTopics In Functional Analysis And Applications
250 _a1st Ed.
260 _c1984
_aNew Delhi
_bWiley Eastern Limited
650 _aMathematics
942 _cBK
999 _c2542
_d2542